000 00273nam a22001217a 4500
082 _a823
_bDOD/S
100 _aDODD, E F
245 _aTHE SNAKE CHAMBER AND OTHER STORIES
260 _aMADRAS
_bMACMILLAN
_c1989
300 _a65
650 _aENGLISH STORY
_zINDIA
942 _cBK
999 _c7328
_d7328